<?xml version="1.0" encoding="UTF-8"?>
<record
    xmlns:xsi="http://www.w3.org/2001/XMLSchema-instance"
    xsi:schemaLocation="http://www.loc.gov/MARC21/slim http://www.loc.gov/standards/marcxml/schema/MARC21slim.xsd"
    xmlns="http://www.loc.gov/MARC21/slim">

  <leader>01316cam a22003375i 4500</leader>
  <datafield tag="952" ind1=" " ind2=" ">
    <subfield code="0">0</subfield>
    <subfield code="1">0</subfield>
    <subfield code="2">ddc</subfield>
    <subfield code="4">0</subfield>
    <subfield code="7">0</subfield>
    <subfield code="8">NFIC</subfield>
    <subfield code="a">ASL</subfield>
    <subfield code="b">ASL</subfield>
    <subfield code="c">ASBP</subfield>
    <subfield code="d">2020-01-21</subfield>
    <subfield code="e">ASB Publications</subfield>
    <subfield code="h">ASP-130</subfield>
    <subfield code="l">0</subfield>
    <subfield code="o">297.6154 MOI</subfield>
    <subfield code="p">100724</subfield>
    <subfield code="r">2020-01-21 00:00:00</subfield>
    <subfield code="t">C-1</subfield>
    <subfield code="w">2020-01-21</subfield>
    <subfield code="y">BK</subfield>
  </datafield>
  <datafield tag="952" ind1=" " ind2=" ">
    <subfield code="0">0</subfield>
    <subfield code="1">0</subfield>
    <subfield code="2">ddc</subfield>
    <subfield code="4">0</subfield>
    <subfield code="7">0</subfield>
    <subfield code="8">NFIC</subfield>
    <subfield code="a">ASL</subfield>
    <subfield code="b">ASL</subfield>
    <subfield code="c">ASBP</subfield>
    <subfield code="d">2020-01-21</subfield>
    <subfield code="e">ASB Publications</subfield>
    <subfield code="h">ASP-130</subfield>
    <subfield code="l">0</subfield>
    <subfield code="o">297.6154 MOI</subfield>
    <subfield code="p">100725</subfield>
    <subfield code="r">2020-01-21 00:00:00</subfield>
    <subfield code="t">C-2</subfield>
    <subfield code="w">2020-01-21</subfield>
    <subfield code="y">BK</subfield>
  </datafield>
  <datafield tag="952" ind1=" " ind2=" ">
    <subfield code="0">0</subfield>
    <subfield code="1">0</subfield>
    <subfield code="2">ddc</subfield>
    <subfield code="4">0</subfield>
    <subfield code="7">0</subfield>
    <subfield code="8">NFIC</subfield>
    <subfield code="a">ASL</subfield>
    <subfield code="b">ASL</subfield>
    <subfield code="c">ASBP</subfield>
    <subfield code="d">2020-01-21</subfield>
    <subfield code="e">ASB Publications</subfield>
    <subfield code="h">ASP-130</subfield>
    <subfield code="l">0</subfield>
    <subfield code="o">297.6154 MOI</subfield>
    <subfield code="p">100726</subfield>
    <subfield code="r">2020-01-21 00:00:00</subfield>
    <subfield code="t">C-3</subfield>
    <subfield code="w">2020-01-21</subfield>
    <subfield code="y">BK</subfield>
  </datafield>
  <datafield tag="952" ind1=" " ind2=" ">
    <subfield code="0">0</subfield>
    <subfield code="1">0</subfield>
    <subfield code="2">ddc</subfield>
    <subfield code="4">0</subfield>
    <subfield code="7">0</subfield>
    <subfield code="8">NFIC</subfield>
    <subfield code="a">ASL</subfield>
    <subfield code="b">ASL</subfield>
    <subfield code="c">ASBP</subfield>
    <subfield code="d">2020-01-21</subfield>
    <subfield code="e">ASB Publications</subfield>
    <subfield code="h">ASP-130</subfield>
    <subfield code="l">0</subfield>
    <subfield code="o">297.6154 MOI</subfield>
    <subfield code="p">100727</subfield>
    <subfield code="r">2020-01-21 00:00:00</subfield>
    <subfield code="t">C-4</subfield>
    <subfield code="w">2020-01-21</subfield>
    <subfield code="y">BK</subfield>
  </datafield>
  <datafield tag="952" ind1=" " ind2=" ">
    <subfield code="0">0</subfield>
    <subfield code="1">0</subfield>
    <subfield code="2">ddc</subfield>
    <subfield code="4">0</subfield>
    <subfield code="7">0</subfield>
    <subfield code="8">NFIC</subfield>
    <subfield code="a">ASL</subfield>
    <subfield code="b">ASL</subfield>
    <subfield code="c">ASBP</subfield>
    <subfield code="d">2020-01-21</subfield>
    <subfield code="e">ASB Publications</subfield>
    <subfield code="h">ASP-130</subfield>
    <subfield code="l">0</subfield>
    <subfield code="o">297.6154 MOI</subfield>
    <subfield code="p">100728</subfield>
    <subfield code="r">2020-01-21 00:00:00</subfield>
    <subfield code="t">C-5</subfield>
    <subfield code="w">2020-01-21</subfield>
    <subfield code="y">BK</subfield>
  </datafield>
  <datafield tag="999" ind1=" " ind2=" ">
    <subfield code="c">17681</subfield>
    <subfield code="d">17681</subfield>
  </datafield>
  <controlfield tag="001">20974637</controlfield>
  <controlfield tag="003">BDDh-ASL</controlfield>
  <controlfield tag="005">20231015025625.0</controlfield>
  <controlfield tag="008">190516s2018    bg d          000 0 ben  </controlfield>
  <datafield tag="010" ind1=" " ind2=" ">
    <subfield code="a">  2018325271</subfield>
  </datafield>
  <datafield tag="020" ind1=" " ind2=" ">
    <subfield code="a">978-984-93191-2-2</subfield>
  </datafield>
  <datafield tag="025" ind1=" " ind2=" ">
    <subfield code="a">B-E-2018325271; 03</subfield>
  </datafield>
  <datafield tag="037" ind1=" " ind2=" ">
    <subfield code="b">Library of Congress -- New Delhi Overseas Office</subfield>
  </datafield>
  <datafield tag="040" ind1=" " ind2=" ">
    <subfield code="a">DLC</subfield>
    <subfield code="b">eng</subfield>
    <subfield code="e">rda</subfield>
    <subfield code="c">DLC</subfield>
    <subfield code="d">BDDh-ASL</subfield>
  </datafield>
  <datafield tag="042" ind1=" " ind2=" ">
    <subfield code="a">lcode</subfield>
  </datafield>
  <datafield tag="082" ind1=" " ind2=" ">
    <subfield code="a">297.6154</subfield>
    <subfield code="b">MOI</subfield>
  </datafield>
  <datafield tag="100" ind1=" " ind2=" ">
    <subfield code="9">561</subfield>
    <subfield code="a">Mostofa, Mamun Al</subfield>
    <subfield code="q">Mamul Al Mostofa</subfield>
  </datafield>
  <datafield tag="245" ind1="0" ind2="0">
    <subfield code="a">Idealized Islamic past :</subfield>
    <subfield code="b">Imam's authority in Bangladesh /</subfield>
    <subfield code="c">Mamun Al Mostofa.</subfield>
  </datafield>
  <datafield tag="264" ind1=" " ind2="1">
    <subfield code="a">Dhaka :</subfield>
    <subfield code="b">Asiatic Society of Bangladesh,</subfield>
    <subfield code="c">2018.</subfield>
  </datafield>
  <datafield tag="300" ind1=" " ind2=" ">
    <subfield code="a">xiv, 131 pages</subfield>
  </datafield>
  <datafield tag="336" ind1=" " ind2=" ">
    <subfield code="a">text</subfield>
    <subfield code="b">txt</subfield>
    <subfield code="2">rdacontent</subfield>
  </datafield>
  <datafield tag="337" ind1=" " ind2=" ">
    <subfield code="a">unmediated</subfield>
    <subfield code="b">n</subfield>
    <subfield code="2">rdamedia</subfield>
  </datafield>
  <datafield tag="338" ind1=" " ind2=" ">
    <subfield code="a">volume</subfield>
    <subfield code="b">nc</subfield>
    <subfield code="2">rdacarrier</subfield>
  </datafield>
  <datafield tag="440" ind1=" " ind2=" ">
    <subfield code="9">312</subfield>
    <subfield code="a">Asiatic Society of Bangladesh publication;</subfield>
    <subfield code="n">, no. 130</subfield>
  </datafield>
  <datafield tag="500" ind1=" " ind2=" ">
    <subfield code="a">Includes bibliographical references and index.</subfield>
  </datafield>
  <datafield tag="505" ind1=" " ind2=" ">
    <subfield code="a">1. The Concept of Islamic Authority -- 2. The Role of Mosque and Imams -- 3. Imams' Social Engagement -- 4. Cartoon Controversy and the Mediation of the National Mosque and etc. </subfield>
  </datafield>
  <datafield tag="650" ind1=" " ind2="0">
    <subfield code="9">556</subfield>
    <subfield code="a">Bangladesh</subfield>
    <subfield code="x">Imams</subfield>
    <subfield code="x">Mosque</subfield>
    <subfield code="z">Bangladesh</subfield>
  </datafield>
  <datafield tag="906" ind1=" " ind2=" ">
    <subfield code="a">7</subfield>
    <subfield code="b">par</subfield>
    <subfield code="c">origode</subfield>
    <subfield code="d">3</subfield>
    <subfield code="e">ncip</subfield>
    <subfield code="f">20</subfield>
    <subfield code="g">y-gencatlg</subfield>
  </datafield>
  <datafield tag="942" ind1=" " ind2=" ">
    <subfield code="2">ddc</subfield>
    <subfield code="c">BK</subfield>
  </datafield>
</record>
